Countries that Have Hosted the Olympics - Statistics

General Stats
  • This quiz has been taken 55 times
  • The average score is 21 of 23
Answer Stats
Hint Answer % Correct
'16 Brazil
98%
'76 : '88 : '10 Canada
98%
'08 : '22 China
98%
'00 : '24 : '68 : '92 : '24 France
98%
'64 : '72 : '98 : '20 Japan
98%
'04 : '32 : '60 : '80 : '84 : '96 : '02 United States
98%
'56 : '00 Australia
96%
'36 : '72 : '14 Germany
96%
'56 : '60 : 06 Italy
95%
'80 : '14 Russia
95%
'88 : 18 South Korea
95%
'92 Spain
95%
'08 : '48 : '12 United Kingdom
95%
'04 Greece
93%
'68 Mexico
93%
'52 : '94 Norway
91%
'12 : '56 Sweden
91%
'28 : '48 Switzerland
89%
'64 : '76 Austria
85%
'28 Netherlands
85%
'20 Belgium
84%
'52 Finland
84%
'84 Yugoslavia
69%
No matching quizzes found
Score Distribution
Percent of People with Each Score
Percentile by Number Answered
Your Score History
You have not taken this quiz